[Event "Warsaw Cup"]
[Site "Warsaw"]
[Date "1987.??.??"]
[Round "10"]
[White "Fraczek, Dariusz"]
[Black "Packo, Krzysztof"]
[Result "1/2-1/2"]
[WhiteElo "2225"]
[BlackElo "2275"]
[PlyCount "45"]
[EventDate "1987.04.??"]
[EventType "swiss"]
[EventRounds "11"]
[EventCountry "POL"]
[SourceTitle "EXT 2001"]
[Source "ChessBase"]
[SourceDate "2000.11.22"]
[SourceVersion "1"]
[SourceVersionDate "2000.11.22"]
[SourceQuality "1"]

1. e4 c5 2. Nf3 d6 3. d4 cxd4 4. Nxd4 Nf6 5. Nc3 a6 6. Be2 e5 7. Nb3 Be6 8. f4 Qc7 9. g4 exf4 10. g5 f3 11. gxf6 fxe2 12. Qxe2 Nd7 13. Nd5 Bxd5 14. exd5+ Ne5 15. Bg5 g6 16. 0-0-0 h5 17. Qe3 0-0-0 18. h3 Kb8 19. Kb1 Rc8 20. c3 Nc4 21. Qc1 a5 22. Rd4 Qb6 23. Ka1 1/2-1/2

[Event "Warsaw Cup"]
[Site "Warsaw"]
[Date "1987.??.??"]
[Round "11"]
[White "Packo, Krzysztof"]
[Black "Kamys, Stanislaw"]
[Result "1-0"]
[WhiteElo "2275"]
[BlackElo "2205"]
[PlyCount "87"]
[EventDate "1987.04.??"]
[EventType "swiss"]
[EventRounds "11"]
[EventCountry "POL"]
[SourceTitle "EXT 2001"]
[Source "ChessBase"]
[SourceDate "2000.11.22"]
[SourceVersion "1"]
[SourceVersionDate "2000.11.22"]
[SourceQuality "1"]

1. d4 Nf6 2. c4 c5 3. d5 b5 4. cxb5 a6 5. bxa6 Bxa6 6. g3 g6 7. Bg2 d6 8. Nc3 Bg7 9. Nf3 0-0 10. 0-0 Nbd7 11. Qc2 Qc7 12. Rb1 Bc4 13. Nd2 Ba6 14. b3 Rfb8 15. a3 Nb6 16. Bb2 Ra7 17. Rfd1 Qd7 18. h3 Ne8 19. Kh2 Nc7 20. e3 Rab7 21. Ba1 Qc8 22. Rdc1 Qf5 23. Nde4 h5 24. h4 Qc8 25. Qd1 Nd7 26. f4 Nf6 27. Nxf6+ Bxf6 28. e4 Bb5 29. b4 cxb4 30. Rxb4 Ba6 31. Rxb7 Rxb7 32. e5 Bg7 33. Ne4 Qd8 34. exd6 exd6 35. Bxg7 Kxg7 36. Qd4+ Kh6 37. a4 f5 38. Ng5 Qg8 39. Rc6 Be2 40. Rxd6 Ne8 41. Re6 Bg4 42. d6 Ng7 43. Bxb7 Nxe6 44. Qd5 1-0